000
00291nam a22001217a 4500
082
_a
920
_b
MAT/A
100
_a
MATA AMRITANANDAMAYI
245
_a
AWAKEN CHILDREN
260
_a
INDIA
_b
MATA AMRITANANDAMAYI MISSION TRUST
300
_a
387
650
_a
LIFE OF AMRITANANDAMAYI
_z
USA
942
_c
BK
999
_c
5781
_d
5781